| 000 | 00564 a2200193 4500 | ||
|---|---|---|---|
| 999 |
_c5846 _d5846 |
||
| 010 | _aENG-86975 | ||
| 020 |
_a0070648220 _c215.00 |
||
| 035 | _aEN-70508 | ||
| 037 | _bDBAD / PUB | ||
| 082 | 1 | 4 | _a005.13 |
| 100 | 1 | _aBalagurusamy, E. | |
| 245 | 1 |
_aPrograming in ANSI C / _cby E.Balagurusamy |
|
| 250 | _a4th ed. | ||
| 260 |
_aNew Delhi _bTata McGraw-Hill Publishing _c2007 (repr) |
||
| 270 |
_a7, West Patel Nagar, _bNew Delhi _e110 008 |
||
| 300 |
_axii, 549 p _c24 cm (Pbk) |
||
| 500 | _aIncludes index | ||
| 942 |
_adpl _cEN _2ddc _h005.13 _mBAL |
||